000
00400nam a22001217a 4500
003
SGT
082
_a
891.4309
_b
M21A
100
_a
अग्रवाल, गोविन्द राम
245
_a
मिशन यात्रा : स्मृतियों के झरोखे से
260
_b
महामना मालवीय मिशन
_c
2021
300
_a
98
942
_2
ddc
_c
BK
999
_c
30155
_d
30155